Návrh vlastného softvérového riešenia na podporu finančnej oblasti v elektro servise diplomová práca

Salvato in:
Dettagli Bibliografici
Autore principale: Makovnjik, Ema
Ente Autore: Fakulta hospodárskej informatiky EU. Katedra aplikovanej informatiky
Altri autori: Jurík, Pavol, 1987-
Natura: Libro
Lingua:slovacco
Pubblicazione: Bratislava 2024
Tags: Aggiungi Tag
Nessun Tag, puoi essere il primo ad aggiungerne!!

MARC

LEADER 00000nbm a2200000 4500
001 0301120
005 20250903145520.2
041 0 |a slo 
044 |a SK 
245 1 0 |a Návrh vlastného softvérového riešenia na podporu finančnej oblasti v elektro servise  |b diplomová práca  |c Ema Makovnjik ; školiteľ: Pavol Jurík 
264 1 |a Bratislava  |c 2024 
300 |a 103 s. 
100 1 |a Makovnjik, Ema 
700 1 |a Jurík, Pavol, 1987- 
710 2 |a Fakulta hospodárskej informatiky EU. Katedra aplikovanej informatiky